000 00584nam a2200205 i 4500
001 5857
003 ES-MaACL
005 20250818054520.0
007 t|
008 890602s1987 fr |||| |dfre d
080 _a1 Descartes
100 1 _aSpada, Marcel.
_9107619
245 1 0 _aDescartes et Don Juan /
_cMarcel Spada.
260 _a[Paris] :
_bFata Morgana,
_c1987.
300 _a75 p. ;
_c23 cm.
600 1 4 _aDescartes, René,
_d1596-1650
_943838
650 7 _aDon Juan (Personaje de ficción)
_2embne
_911966
852 _aES-MaACL
_jL-12913
999 _c5857
_d5857